Vocabulaire de malaisien : bases - Statistiques

Statistiques générales
  • Ce quiz a été pris 11 fois
  • Le résultat moyen est 6 sur 12
Statistiques - réponses
Français Malaisien % Correct
Bonjour Selamat
91%
Merci beaucoup Terima kasih
73%
Oui Ya
64%
De rien, je vous en prie Sama sama
55%
Bonsoir Selamat malam
55%
Non Tidak / Tak
55%
- jusqu'à 10h Selamat pagi
45%
Au revoir Selamat tinggal
45%
Excusez-moi, pardon Ma'af
36%
- de 15h à 18h Selamat petang
36%
S'il vous plaît Sila
36%
- de 10h à 15h Salamat tengahari
9%
Aucun quiz correspondant
Distribution des résultats
% des personnes avec chaque résultat
Percentile par nombre de réponses
Votre historique - résultats
Vous n’avez pas pris ce quiz